[Event "Muensterland Verbandsliga 1920"]
[Site "Germany"]
[Date "2019.11.09"]
[Round "3.7"]
[White "Hedwig, Johannes"]
[Black "Boecker, Manfred"]
[Result "1-0"]
[WhiteElo "1768"]
[BlackElo "1820"]
[PlyCount "159"]
[EventDate "2019.09.07"]
[EventType "team-tourn"]
[EventRounds "7"]
[EventCountry "GER"]
[SourceTitle "EXT 2023"]
[Source "ChessBase"]
[SourceDate "2022.10.05"]
[SourceVersion "1"]
[SourceVersionDate "2022.10.05"]
[SourceQuality "1"]
[WhiteTeam "Emsdetten Rochade II"]
[BlackTeam "Suedlohn II"]
[WhiteTeamCountry "GER"]
[BlackTeamCountry "GER"]

1. e4 e6 2. d4 d5 3. exd5 exd5 4. Bd3 Bd6 5. Nf3 Ne7 6. 0-0 f6 7. Re1 Bg4 8. c3 0-0 9. Nbd2 Bh5 10. Qb3 b6 11. Nh4 Bf7 12. Qc2 g6 13. Nf1 Re8 14. Ne3 Nd7 15. Ng4 f5 16. Nh6+ Kg7 17. Bg5 Nf6 18. f3 c5 19. Bb5 Qc7 20. g3 cxd4 21. Bxe8 Rxe8 22. Nxf7 Kxf7 23. Bxf6 Kxf6 24. Qe2 dxc3 25. bxc3 Be5 26. Rac1 Nc6 27. Qd2 d4 28. cxd4 Bxd4+ 29. Kg2 Rd8 30. f4 Bc5 31. Qc3+ Nd4 32. Nf3 Qc6 33. Red1 Qe4 34. Re1 Qxf3+ 35. Qxf3 Nxf3 36. Kxf3 Rd3+ 37. Ke2 Rd6 38. Rcd1 Re6+ 39. Kd3 Rc6 40. Ke2 Re6+ 41. Kf1 Rc6 42. Rd7 Bb4 43. Re2 a5 44. Rxh7 a4 45. Kg2 a3 46. Rb7 Bc5 47. Rd7 Bb4 48. Rd3 Bc5 49. h3 Rc8 50. g4 fxg4 51. hxg4 Rc7 52. Kf3 Kf7 53. Rd5 Bb4 54. f5 Rc3+ 55. Kf4 Rc4+ 56. Kg5 Be7+ 57. Rxe7+ Kxe7 58. Re5+ Kf8 59. Re3 gxf5 60. gxf5 Ra4 61. Rc3 b5 62. Rc8+ Kf7 63. Rc7+ Kf8 64. Rb7 Rc4 65. Kg6 Rc2 66. Rb8+ Ke7 67. f6+ Ke6 68. Rb6+ Kd7 69. f7 Rg2+ 70. Kf6 Rxa2 71. f8Q Rf2+ 72. Kg7 Rxf8 73. Kxf8 a2 74. Ra6 b4 75. Rxa2 Kc6 76. Ra5 Kb6 77. Rh5 Kc6 78. Ke7 b3 79. Re5 b2 80. Re1 1-0

[Event "Muensterland Verbandsklasse 1819"]
[Site "Germany"]
[Date "2018.12.08"]
[Round "4.7"]
[White "Steens, Rudolf"]
[Black "Boecker, Manfred"]
[Result "1-0"]
[WhiteElo "1779"]
[BlackElo "1846"]
[PlyCount "103"]
[EventDate "2018.09.15"]
[EventType "team-tourn"]
[EventRounds "9"]
[EventCountry "GER"]
[SourceTitle "EXT 2020"]
[Source "ChessBase"]
[SourceDate "2019.10.17"]
[SourceVersion "1"]
[SourceVersionDate "2019.10.17"]
[SourceQuality "1"]
[WhiteTeam "Nordwalde"]
[BlackTeam "Suedlohn II"]
[WhiteTeamCountry "GER"]
[BlackTeamCountry "GER"]

1. e4 c6 2. d3 d5 3. Nd2 e5 4. Ngf3 Nd7 5. d4 exd4 6. exd5 cxd5 7. Nb3 Bb4+ 8. Bd2 Qe7+ 9. Qe2 Bxd2+ 10. Kxd2 Qxe2+ 11. Bxe2 Ngf6 12. Bd3 0-0 13. Rae1 Nb6 14. Nbxd4 Na4 15. b3 Nc5 16. Re5 Nce4+ 17. Bxe4 dxe4 18. Ng5 Ng4 19. Re7 Nxf2 20. Rf1 e3+ 21. Rxe3 Ng4 22. Re7 Nf6 23. c4 a5 24. a4 Ra6 25. Kc3 Rd6 26. Nb5 Rc6 27. Kb2 h6 28. Nf3 Re6 29. Re1 Rxe1 30. Rxe1 Re8 31. Rxe8+ Nxe8 32. Kc3 Kf8 33. Kd4 Ke7 34. Kc5 g5 35. Kb6 f5 36. Na7 Be6 37. Kxb7 Nd6+ 38. Kb6 Nxc4+ 39. bxc4 Bxc4 40. Nc6+ Kf6 41. Nxa5 Bf1 42. g3 f4 43. Nd2 Be2 44. Nac4 f3 45. a5 f2 46. Ne3 Ke5 47. a6 Kd4 48. Ndf1 Bf3 49. Kc7 h5 50. a7 h4 51. Kb8 hxg3 52. hxg3 1-0

[Event "Muensterland Verbandsklasse 1718"]
[Site "Germany"]
[Date "2018.04.07"]
[Round "8.8"]
[White "Janocha, Hans Dieter"]
[Black "Boecker, Manfred"]
[Result "0-1"]
[WhiteElo "1552"]
[BlackElo "1839"]
[PlyCount "84"]
[EventDate "2017.09.16"]
[EventType "team-tourn"]
[EventRounds "9"]
[EventCountry "GER"]
[SourceTitle "EXT 2019"]
[Source "ChessBase"]
[SourceDate "2018.10.10"]
[SourceVersion "1"]
[SourceVersionDate "2018.10.10"]
[SourceQuality "1"]
[WhiteTeam "Muenster Indische Dame"]
[BlackTeam "Suedlohn II"]
[WhiteTeamCountry "GER"]
[BlackTeamCountry "GER"]

1. e4 c6 2. d4 d5 3. e5 Bf5 4. Bd3 Bxd3 5. Qxd3 e6 6. Nf3 Qa5+ 7. Nbd2 Qa6 8. c4 Ne7 9. 0-0 dxc4 10. Qxc4 Nd5 11. Qxa6 Nxa6 12. a3 c5 13. b3 Be7 14. Ne4 0-0 15. Bb2 Rfd8 16. Rfd1 h6 17. Rac1 Rac8 18. g3 b6 19. Kf1 Rc7 20. Rd2 Rcd7 21. Rcd1 Nb8 22. Nc3 Nc6 23. Nxd5 Rxd5 24. dxc5 bxc5 25. Bc3 f6 26. Rxd5 exd5 27. exf6 Bxf6 28. Bxf6 gxf6 29. Nd2 c4 30. Rc1 Ne5 31. bxc4 dxc4 32. Ne4 f5 33. Nc3 Rd2 34. Ne2 Ra2 35. Rc3 Kf7 36. h3 Ra1+ 37. Kg2 Ra2 38. Kf1 Kf6 39. Nd4 Rd2 40. Ne2 Rd3 41. Rxd3 Nxd3 42. Ng1 c3 0-1

[Event "Muensterland Regionalliga 1415"]
[Site "Germany"]
[Date "2015.04.25"]
[Round "8.6"]
[White "Lehmann, Mona"]
[Black "Boecker, Manfred"]
[Result "1/2-1/2"]
[WhiteElo "1926"]
[BlackElo "1888"]
[PlyCount "36"]
[EventDate "2014.09.20"]
[EventType "team-tourn"]
[EventRounds "9"]
[EventCountry "GER"]
[SourceTitle "EXT 2016"]
[Source "ChessBase"]
[SourceDate "2015.10.08"]
[SourceVersion "1"]
[SourceVersionDate "2015.10.08"]
[SourceQuality "1"]
[WhiteTeam "Emsdetten Rochade"]
[BlackTeam "Suedlohn"]
[WhiteTeamCountry "GER"]
[BlackTeamCountry "GER"]

1. e4 e6 2. d4 d5 3. exd5 exd5 4. Nf3 c5 5. Bb5+ Nc6 6. 0-0 Bd6 7. Nc3 Nge7 8. Bg5 f6 9. Bh4 0-0 10. dxc5 Bxc5 11. Qd2 Be6 12. Rad1 Bf7 13. a3 Qc7 14. Ba4 Rad8 15. Nb5 Qd7 16. Nbd4 Bxd4 17. Nxd4 Qg4 18. Bxc6 Nxc6 1/2-1/2

[Event "NRW Class1 1314"]
[Site "Germany"]
[Date "2014.04.27"]
[Round "9.6"]
[White "Boecker, Manfred"]
[Black "Stukenbrok, Nils"]
[Result "0-1"]
[WhiteElo "1870"]
[BlackElo "1993"]
[PlyCount "94"]
[EventDate "2013.09.15"]
[EventType "team-tourn"]
[EventRounds "9"]
[EventCountry "GER"]
[SourceTitle "EXT 2015"]
[Source "ChessBase"]
[SourceDate "2014.11.20"]
[SourceVersion "1"]
[SourceVersionDate "2014.11.20"]
[SourceQuality "1"]
[WhiteTeam "Suedlohn"]
[BlackTeam "Lieme"]
[WhiteTeamCountry "GER"]
[BlackTeamCountry "GER"]

1. d4 Nf6 2. e3 g6 3. b3 Bg7 4. Bb2 0-0 5. Nf3 d6 6. Be2 Nbd7 7. Nbd2 c6 8. c4 Qc7 9. 0-0 Rd8 10. Qc2 b6 11. Rfe1 Bb7 12. Rad1 a5 13. a4 Re8 14. Ba3 c5 15. d5 e5 16. e4 Nb8 17. Nb1 Na6 18. Nc3 Nb4 19. Qb1 Rf8 20. Bc1 Qe7 21. Bd2 Bc8 22. Qc1 Ne8 23. Nb5 f5 24. Bg5 Bf6 25. Bh6 Bg7 26. Bg5 Qd7 27. exf5 gxf5 28. Bh6 f4 29. Bxg7 Qxg7 30. Nc3 Nf6 31. Qb1 Kh8 32. Rd2 Bh3 33. g3 Rae8 34. Bf1 Bg4 35. Nh4 Qg5 36. Rb2 Rg8 37. Kh1 Qxh4 38. gxh4 Bf3+ 39. Bg2 Rxg2 40. Qd1 Rxf2+ 41. Kg1 Bxd1 42. Rxf2 Bxb3 43. Ne4 Rg8+ 44. Kh1 Nxe4 45. Rxe4 Bxa4 46. h5 Bd1 47. h6 f3 0-1

[Event "NRW Class1 1314"]
[Site "Germany"]
[Date "2013.11.17"]
[Round "3.5"]
[White "Boecker, Manfred"]
[Black "Maj, Kornel"]
[Result "1/2-1/2"]
[WhiteElo "1870"]
[BlackElo "1888"]
[PlyCount "84"]
[EventDate "2013.09.15"]
[EventType "team-tourn"]
[EventRounds "9"]
[EventCountry "GER"]
[SourceTitle "EXT 2015"]
[Source "ChessBase"]
[SourceDate "2014.11.20"]
[SourceVersion "1"]
[SourceVersionDate "2014.11.20"]
[SourceQuality "1"]
[WhiteTeam "Suedlohn"]
[BlackTeam "Elberfeld"]
[WhiteTeamCountry "GER"]
[BlackTeamCountry "GER"]

1. d4 Nf6 2. e3 g6 3. b3 Bg7 4. Nf3 0-0 5. Bb2 Ne4 6. Be2 f5 7. 0-0 d5 8. c4 e6 9. Nc3 c6 10. Ne5 Nd7 11. Nxe4 dxe4 12. Nxd7 Qxd7 13. Qc2 b6 14. a4 Bb7 15. c5 g5 16. b4 b5 17. Rfc1 Rfc8 18. Bc3 g4 19. Ra3 a6 20. Rca1 Rf8 21. Bd1 Qf7 22. Qe2 Qh5 23. g3 Qg6 24. Bb3 h5 25. Qa2 Rae8 26. Qe2 h4 27. R1a2 hxg3 28. fxg3 Bf6 29. Qe1 Kg7 30. Rg2 Rh8 31. Raa2 Rh3 32. Rae2 Qf7 33. Qd2 Kg6 34. Qa2 Bd8 35. Be1 Bc7 36. Qb1 Kf6 37. Qd1 Ke7 38. Qc1 Kd7 39. Ra2 Bb8 40. Rac2 Kc8 41. Rce2 Qg6 42. Qc2 Qh6 1/2-1/2

[Event "NRW Class1 1314"]
[Site "Germany"]
[Date "2013.10.06"]
[Round "2.4"]
[White "Boecker, Manfred"]
[Black "Maslak, Sulejman"]
[Result "0-1"]
[WhiteElo "1870"]
[BlackElo "2245"]
[PlyCount "68"]
[EventDate "2013.09.15"]
[EventType "team-tourn"]
[EventRounds "9"]
[EventCountry "GER"]
[SourceTitle "EXT 2015"]
[Source "ChessBase"]
[SourceDate "2014.11.20"]
[SourceVersion "1"]
[SourceVersionDate "2014.11.20"]
[SourceQuality "1"]
[WhiteTeam "Suedlohn"]
[BlackTeam "Duisburg PSV"]
[WhiteTeamCountry "GER"]
[BlackTeamCountry "GER"]

1. d4 d5 2. e3 c5 3. c3 Nc6 4. f4 e6 5. Bd3 Nf6 6. Qf3 Qb6 7. Nh3 Bd6 8. 0-0 0-0 9. Kh1 h6 10. Nd2 Bd7 11. Nf2 Ne7 12. a4 a5 13. g4 Ne4 14. Qd1 Nxd2 15. Qxd2 f6 16. Be2 e5 17. dxe5 fxe5 18. Nd3 e4 19. Nf2 Bc6 20. Qc2 c4 21. Bd2 Bc5 22. Qc1 Ng6 23. Nh3 Ne5 24. fxe5 g5 25. Rf6 Rxf6 26. exf6 Rf8 27. Qf1 Bd7 28. Bxc4 dxc4 29. Qxc4+ Be6 30. Qxe4 Rxf6 31. c4 Qxb2 32. Rd1 Qb3 33. Qb1 Qxc4 34. Kg1 Qxg4+ 0-1

[Event "Muensterland Verbandsliga 1213"]
[Site "Germany"]
[Date "2013.03.09"]
[Round "7.6"]
[White "Boecker, Manfred"]
[Black "Boelker, Franz"]
[Result "1/2-1/2"]
[WhiteElo "1882"]
[BlackElo "1798"]
[PlyCount "92"]
[EventDate "2012.09.22"]
[EventType "team-tourn"]
[EventRounds "9"]
[EventCountry "GER"]
[SourceTitle "EXT 2015"]
[Source "ChessBase"]
[SourceDate "2014.11.20"]
[SourceVersion "1"]
[SourceVersionDate "2014.11.20"]
[SourceQuality "1"]
[WhiteTeam "Suedlohn"]
[BlackTeam "Raesfeld Erle"]
[WhiteTeamCountry "GER"]
[BlackTeamCountry "GER"]

1. d4 Nf6 2. Nc3 d5 3. Bg5 c6 4. Nf3 h6 5. Bh4 Bf5 6. e3 Nbd7 7. Ne5 Qa5 8. Nxd7 Nxd7 9. Bd3 Bxd3 10. cxd3 e6 11. Bg3 Nf6 12. 0-0 Be7 13. a3 0-0 14. b4 Qd8 15. b5 Rc8 16. Qd2 Qa5 17. Rfd1 Kh8 18. bxc6 Rxc6 19. Ne4 Qxd2 20. Nxd2 Nh5 21. a4 Nxg3 22. hxg3 b6 23. Nb3 Rc3 24. Rab1 Rfc8 25. a5 R8c6 26. axb6 axb6 27. g4 Kh7 28. g3 Ba3 29. Kg2 Kg6 30. f4 f5 31. gxf5+ exf5 32. Nd2 Rxd3 33. Nf3 Rc2+ 34. Kh3 Rxd1 35. Rxd1 b5 36. Ne5+ Kf6 37. g4 Rc3 38. g5+ Ke6 39. gxh6 Rxe3+ 40. Kh2 gxh6 41. Rg1 Bf8 42. Rg6+ Ke7 43. Rb6 Bg7 44. Rb7+ Kf8 45. Rb8+ Ke7 46. Rb7+ Kf8 1/2-1/2

[Event "Muensterland Verbandsliga 1213"]
[Site "Germany"]
[Date "2012.12.22"]
[Round "4.6"]
[White "Sandmann, Sebastian"]
[Black "Boecker, Manfred"]
[Result "1/2-1/2"]
[WhiteElo "1668"]
[BlackElo "1882"]
[PlyCount "45"]
[EventDate "2012.09.22"]
[EventType "team-tourn"]
[EventRounds "9"]
[EventCountry "GER"]
[SourceTitle "EXT 2015"]
[Source "ChessBase"]
[SourceDate "2014.11.20"]
[SourceVersion "1"]
[SourceVersionDate "2014.11.20"]
[SourceQuality "1"]
[WhiteTeam "Ostbevern Westbevern"]
[BlackTeam "Suedlohn"]
[WhiteTeamCountry "GER"]
[BlackTeamCountry "GER"]

1. e4 c6 2. Nf3 d5 3. e5 g6 4. d4 Bg7 5. Bd3 h5 6. 0-0 Nh6 7. Nh4 Nf5 8. Nxf5 Bxf5 9. Re1 Bxd3 10. Qxd3 e6 11. b3 Nd7 12. Ba3 Bf8 13. Bxf8 Nxf8 14. c4 Qg5 15. cxd5 exd5 16. Nc3 Ne6 17. b4 Qg4 18. Ne2 h4 19. h3 Qg5 20. b5 0-0 21. bxc6 bxc6 22. Rab1 Rab8 23. a4 1/2-1/2

[Event "Muensterland Verbandsliga 1112"]
[Site "Germany"]
[Date "2012.05.19"]
[Round "9.5"]
[White "Boecker, Manfred"]
[Black "Bohn, Patrick"]
[Result "1/2-1/2"]
[WhiteElo "1815"]
[BlackElo "1662"]
[PlyCount "65"]
[EventDate "2011.09.24"]
[EventType "team-tourn"]
[EventRounds "9"]
[EventCountry "GER"]
[SourceTitle "EXT 2013"]
[Source "ChessBase"]
[SourceDate "2012.11.22"]
[SourceVersion "1"]
[SourceVersionDate "2012.11.22"]
[SourceQuality "1"]
[WhiteTeam "Suedlohn"]
[BlackTeam "Heiden"]
[WhiteTeamCountry "GER"]
[BlackTeamCountry "GER"]

1. d4 d5 2. e3 Nf6 3. Bd3 c6 4. Nd2 Bg4 5. f3 Bh5 6. c3 Nbd7 7. Ne2 e5 8. 0-0 Bd6 9. c4 exd4 10. exd4 0-0 11. c5 Bc7 12. Ng3 Qb8 13. b4 Bxg3 14. hxg3 Qxg3 15. b5 Rfe8 16. Nb3 Ne4 17. bxc6 bxc6 18. Bd2 Nxd2 19. Qxd2 Nf8 20. Na5 Re6 21. Qf2 Qc7 22. Qd2 Rae8 23. Rae1 Rxe1 24. Rxe1 Rxe1+ 25. Qxe1 Bg6 26. Ba6 Bc2 27. Bb7 Ba4 28. Qb4 Qf4 29. Nxc6 Qe3+ 30. Kf1 Qd3+ 31. Kf2 Qc2+ 32. Ke3 Qc1+ 33. Qd2 1/2-1/2

[Event "Muensterland Verbandsliga 1112"]
[Site "Germany"]
[Date "2012.03.17"]
[Round "8.7"]
[White "Lipkin, Ilia"]
[Black "Boecker, Manfred"]
[Result "1/2-1/2"]
[WhiteElo "1896"]
[BlackElo "1815"]
[PlyCount "32"]
[EventDate "2011.09.24"]
[EventType "team-tourn"]
[EventRounds "9"]
[EventCountry "GER"]
[SourceTitle "EXT 2013"]
[Source "ChessBase"]
[SourceDate "2012.11.22"]
[SourceVersion "1"]
[SourceVersionDate "2012.11.22"]
[SourceQuality "1"]
[WhiteTeam "Nienberge"]
[BlackTeam "Suedlohn"]
[WhiteTeamCountry "GER"]
[BlackTeamCountry "GER"]

1. e4 c6 2. d4 d5 3. exd5 cxd5 4. c4 e6 5. Nc3 Nc6 6. Nf3 Be7 7. c5 Bf6 8. Nb5 Nge7 9. Nd6+ Kf8 10. Ng5 Bxg5 11. Bxg5 Qa5+ 12. Bd2 Qc7 13. Nb5 Qd8 14. Qh5 Nf5 15. Bf4 Bd7 16. Nd6 Nxd6 1/2-1/2

[Event "Muensterland Verbandsliga 1112"]
[Site "Germany"]
[Date "2011.11.19"]
[Round "3.5"]
[White "Wendker, Christian"]
[Black "Boecker, Manfred"]
[Result "0-1"]
[WhiteElo "1968"]
[BlackElo "1815"]
[PlyCount "102"]
[EventDate "2011.09.24"]
[EventType "team-tourn"]
[EventRounds "9"]
[EventCountry "GER"]
[SourceTitle "EXT 2013"]
[Source "ChessBase"]
[SourceDate "2012.11.22"]
[SourceVersion "1"]
[SourceVersionDate "2012.11.22"]
[SourceQuality "1"]
[WhiteTeam "Ostbevern Westbevern"]
[BlackTeam "Suedlohn"]
[WhiteTeamCountry "GER"]
[BlackTeamCountry "GER"]

1. e4 c6 2. d4 d5 3. e5 Bf5 4. h4 h6 5. h5 e6 6. g4 Be4 7. f3 Bh7 8. Bd3 Bxd3 9. cxd3 c5 10. dxc5 Qa5+ 11. Nc3 Bxc5 12. d4 Bf8 13. f4 Ne7 14. Nf3 Qa6 15. Rh2 Nbc6 16. Be3 Na5 17. Qa4+ Nec6 18. Rc2 Qd3 19. Kf2 Qc4 20. Nd2 Qxa4 21. Nxa4 Nb4 22. Rc3 b5 23. Nc5 Bxc5 24. dxc5 Nbc6 25. Nf3 Rd8 26. Bd4 0-0 27. b4 Nc4 28. a4 a6 29. Rb3 f6 30. exf6 gxf6 31. axb5 axb5 32. Ra6 Rc8 33. Bc3 e5 34. Rb1 d4 35. Ba1 Rfd8 36. fxe5 fxe5 37. Re1 Nxb4 38. Rxh6 Nd3+ 39. Ke2 Nxe1 40. Rg6+ Kf8 41. Ng5 d3+ 42. Kd1 Rd5 43. Bc3 Ng2 44. h6 d2 45. Nh7+ Ke7 46. Rg7+ Kd8 47. Bxd2 Rxd2+ 48. Kc1 Nge3 49. Kb1 Rb2+ 50. Kc1 Rc2+ 51. Kb1 Nd2+ 0-1

[Event "Muensterland Verbandsliga 1112"]
[Site "Germany"]
[Date "2011.09.24"]
[Round "1.6"]
[White "Boecker, Manfred"]
[Black "Pliete, Christian"]
[Result "1/2-1/2"]
[WhiteElo "1815"]
[BlackElo "1723"]
[PlyCount "43"]
[EventDate "2011.09.24"]
[EventType "team-tourn"]
[EventRounds "9"]
[EventCountry "GER"]
[SourceTitle "EXT 2013"]
[Source "ChessBase"]
[SourceDate "2012.11.22"]
[SourceVersion "1"]
[SourceVersionDate "2012.11.22"]
[SourceQuality "1"]
[WhiteTeam "Suedlohn"]
[BlackTeam "Raesfeld Erle"]
[WhiteTeamCountry "GER"]
[BlackTeamCountry "GER"]

1. d4 Nf6 2. c3 c5 3. e3 d5 4. f4 Nc6 5. Be2 Bf5 6. Nf3 e6 7. 0-0 Bd6 8. Ne5 Nd7 9. Nd2 h5 10. Ndf3 f6 11. Nxc6 bxc6 12. Nh4 g6 13. Nxf5 exf5 14. b3 Qe7 15. c4 Nb6 16. Bf3 Kf7 17. cxd5 cxd5 18. dxc5 Bxc5 19. Bxd5+ Nxd5 20. Qxd5+ Kg7 21. Qf3 Rad8 22. Rb1 1/2-1/2

[Event "Muensterland Verbandsliga 1011"]
[Site "Germany"]
[Date "2011.05.14"]
[Round "9.5"]
[White "Boecker, Manfred"]
[Black "Beyer, Dietmar"]
[Result "1/2-1/2"]
[WhiteElo "1850"]
[BlackElo "2000"]
[PlyCount "22"]
[EventDate "2010.09.25"]
[EventType "team-tourn"]
[EventRounds "9"]
[EventCountry "GER"]
[SourceTitle "EXT 2012"]
[Source "ChessBase"]
[SourceDate "2011.11.24"]
[SourceVersion "1"]
[SourceVersionDate "2011.11.24"]
[SourceQuality "1"]
[WhiteTeam "Suedlohn"]
[BlackTeam "Heiden"]
[WhiteTeamCountry "GER"]
[BlackTeamCountry "GER"]

1. f4 d5 2. e3 Nf6 3. Be2 c5 4. d4 e6 5. c3 Nc6 6. Nf3 Bd7 7. 0-0 Be7 8. Ne5 0-0 9. Nd2 Rc8 10. Bd3 Ne8 11. g4 f6 1/2-1/2

[Event "Muensterland Verbandsliga 1011"]
[Site "Germany"]
[Date "2011.02.26"]
[Round "7.6"]
[White "Lipkin, Ilia"]
[Black "Boecker, Manfred"]
[Result "1/2-1/2"]
[WhiteElo "1905"]
[BlackElo "1850"]
[PlyCount "72"]
[EventDate "2010.09.25"]
[EventType "team-tourn"]
[EventRounds "9"]
[EventCountry "GER"]
[SourceTitle "EXT 2012"]
[Source "ChessBase"]
[SourceDate "2011.11.24"]
[SourceVersion "1"]
[SourceVersionDate "2011.11.24"]
[SourceQuality "1"]
[WhiteTeam "Nienberge"]
[BlackTeam "Suedlohn"]
[WhiteTeamCountry "GER"]
[BlackTeamCountry "GER"]

1. e4 c6 2. d4 g6 3. c4 d6 4. Nc3 Bg7 5. Be2 Nh6 6. Bg5 f6 7. Be3 Nf7 8. f4 e5 9. Nf3 Nd7 10. Qd2 a6 11. 0-0 0-0 12. fxe5 dxe5 13. d5 f5 14. exf5 gxf5 15. Kh1 Nf6 16. Rad1 Ng4 17. Bc5 Bh6 18. Qc2 Qf6 19. Nd2 Ne3 20. Bxe3 Bxe3 21. Rf3 Bf4 22. c5 Ng5 23. Rff1 Qh6 24. Rxf4 exf4 25. Nf3 Ne4 26. Bc4 cxd5 27. Bxd5+ Be6 28. Bxb7 Nxc3 29. Qxc3 Rad8 30. Re1 Bd5 31. c6 Rde8 32. Rd1 Qe6 33. Re1 Qd6 34. Rd1 Qe6 35. Re1 Qd6 36. Rd1 Qe6 1/2-1/2

[Event "Muensterland Verbandsliga 1011"]
[Site "Germany"]
[Date "2011.02.05"]
[Round "6.6"]
[White "Boecker, Manfred"]
[Black "Dittberner, Markus"]
[Result "0-1"]
[WhiteElo "1850"]
[BlackElo "1820"]
[PlyCount "68"]
[EventDate "2010.09.25"]
[EventType "team-tourn"]
[EventRounds "9"]
[EventCountry "GER"]
[SourceTitle "EXT 2012"]
[Source "ChessBase"]
[SourceDate "2011.11.24"]
[SourceVersion "1"]
[SourceVersionDate "2011.11.24"]
[SourceQuality "1"]
[WhiteTeam "Suedlohn"]
[BlackTeam "Muenster Indische Dame"]
[WhiteTeamCountry "GER"]
[BlackTeamCountry "GER"]

1. f4 c5 2. e3 Nc6 3. Nf3 d6 4. d4 Nf6 5. c3 e6 6. Bd3 Be7 7. a4 b6 8. Na3 d5 9. 0-0 0-0 10. Ne5 Bb7 11. Ng4 Nxg4 12. Qxg4 f5 13. Qf3 c4 14. Bc2 Na5 15. Qd1 Rc8 16. Bd2 Rf7 17. Be1 Qf8 18. Nb1 g5 19. Nd2 g4 20. Qe2 Bc6 21. b3 cxb3 22. Nxb3 Nc4 23. e4 Qg7 24. exf5 exf5 25. Qe6 Nd6 26. a5 Re8 27. Qe2 Bd8 28. Qd1 Rfe7 29. Bh4 Re3 30. Bxd8 Rxd8 31. axb6 axb6 32. Re1 Qe7 33. Qd2 Re8 34. Bd3 Rxe1+ 0-1

[Event "Muensterland Verbandsliga 1011"]
[Site "Germany"]
[Date "2010.12.18"]
[Round "4.6"]
[White "Boecker, Manfred"]
[Black "Weskamp, Matthias"]
[Result "1-0"]
[WhiteElo "1850"]
[BlackElo "1753"]
[PlyCount "49"]
[EventDate "2010.09.25"]
[EventType "team-tourn"]
[EventRounds "9"]
[EventCountry "GER"]
[SourceTitle "EXT 2012"]
[Source "ChessBase"]
[SourceDate "2011.11.24"]
[SourceVersion "1"]
[SourceVersionDate "2011.11.24"]
[SourceQuality "1"]
[WhiteTeam "Suedlohn"]
[BlackTeam "Ostbevern Westbevern"]
[WhiteTeamCountry "GER"]
[BlackTeamCountry "GER"]

1. f4 d5 2. e3 Nf6 3. Nf3 c5 4. d4 e6 5. c3 Nc6 6. Bd3 c4 7. Bc2 b5 8. 0-0 Bd6 9. Ne5 Qc7 10. Nd2 Ng8 11. e4 f5 12. exd5 Nce7 13. dxe6 Bxe6 14. Ndf3 h6 15. a4 b4 16. cxb4 Bxb4 17. a5 0-0-0 18. Bd2 Bxd2 19. Qxd2 Nf6 20. Rfe1 Rd6 21. Ra4 Rhd8 22. Qe2 Ra6 23. Nxc4 Ned5 24. Nb6+ Nxb6 25. Qxa6+ 1-0

[Event "Muensterland Verbandsliga 0910"]
[Site "Germany"]
[Date "2009.11.28"]
[Round "3.8"]
[White "Boecker, Manfred"]
[Black "Tepasse, Wilhelm"]
[Result "1-0"]
[WhiteElo "1856"]
[BlackElo "1808"]
[PlyCount "77"]
[EventDate "2009.09.26"]
[EventType "team-tourn"]
[EventRounds "9"]
[EventCountry "GER"]
[SourceTitle "EXT 2011"]
[Source "ChessBase"]
[SourceDate "2010.11.26"]
[SourceVersion "1"]
[SourceVersionDate "2010.11.26"]
[SourceQuality "1"]
[WhiteTeam "Suedlohn"]
[BlackTeam "Bocholt"]
[WhiteTeamCountry "GER"]
[BlackTeamCountry "GER"]

1. d4 Nf6 2. c4 e6 3. Nf3 d5 4. Bg5 Be7 5. e3 Nbd7 6. Nc3 0-0 7. Bd3 dxc4 8. Bxc4 c6 9. 0-0 Nd5 10. Ne4 h6 11. Bxe7 Qxe7 12. a3 N5b6 13. Bd3 e5 14. Ng3 exd4 15. Nxd4 Ne5 16. Be2 Rd8 17. Qc2 Nd5 18. Qe4 Ng6 19. Rfd1 Re8 20. Bf3 Ne5 21. Be2 Bd7 22. Rac1 Qd8 23. Ngf5 Qf6 24. Qc2 Rad8 25. f4 Ng6 26. Bc4 Bxf5 27. Nxf5 Nxe3 28. Rxd8 Qxd8 29. Nxe3 Rxe3 30. Qxg6 Qe7 31. Qc2 Qf6 32. Rd1 g6 33. g3 Kg7 34. Rd7 Re7 35. Qd2 c5 36. Rxe7 Qxe7 37. Kf2 a6 38. Qe3 Qd6 39. Qe5+ 1-0

[Event "Muensterland Verbandsliga 0708"]
[Site "Germany"]
[Date "2008.04.05"]
[Round "8.7"]
[White "Boecker, Manfred"]
[Black "Althoff, Ralph"]
[Result "1-0"]
[WhiteElo "2050"]
[BlackElo "1734"]
[PlyCount "141"]
[EventDate "2007.09.08"]
[EventType "team"]
[EventRounds "9"]
[EventCountry "GER"]
[SourceTitle "EXT 2009"]
[Source "ChessBase"]
[SourceDate "2008.11.26"]
[SourceVersion "1"]
[SourceVersionDate "2008.11.26"]
[SourceQuality "1"]
[WhiteTeam "Suedlohn"]
[BlackTeam "Olfen"]
[WhiteTeamCountry "GER"]
[BlackTeamCountry "GER"]

1. d4 f5 2. e4 fxe4 3. Nc3 Nf6 4. Bg5 Nc6 5. f3 d5 6. Bb5 a6 7. Ba4 g6 8. Bb3 exf3 9. Nxf3 e6 10. Qe2 Bg7 11. Nxd5 Kf7 12. Nxf6 Bxf6 13. Bxf6 Qxf6 14. Ne5+ Kg7 15. Nxc6 bxc6 16. 0-0-0 a5 17. Bc4 Rb8 18. Rhe1 Re8 19. Qe5 Qxe5 20. Rxe5 a4 21. a3 Bd7 22. Ra5 Rf8 23. Ra7 Rbc8 24. Re1 Kf6 25. Kd2 Ke7 26. Kc3 Kd6 27. Rxa4 Rf4 28. Ra5 Rcf8 29. Rae5 R8f6 30. a4 Rf2 31. R1e2 Rxe2 32. Rxe2 c5 33. dxc5+ Kxc5 34. b4+ Kd6 35. a5 h6 36. Bd3 g5 37. a6 Kc6 38. Re5 Kb6 39. Kd4 Rf2 40. Ra5 Bc6 41. g4 Rf4+ 42. Kc3 Rxg4 43. Re5 Bd5 44. Re2 Rf4 45. b5 c6 46. bxc6 Kxc6 47. Kd2 Kd6 48. Ke3 Bc4 49. a7 Bd5 50. c4 Rf3+ 51. Kd4 Ba8 52. c5+ Kd7 53. Bb5+ Ke7 54. Bc4 Rf4+ 55. Kc3 Rf6 56. Kb4 Kd7 57. Rd2+ Kc7 58. Rd6 Rf4 59. Kb5 Rf2 60. Bxe6 Rb2+ 61. Kc4 Rc2+ 62. Kd4 Rxh2 63. Kc3 h5 64. Rd5 g4 65. Rg5 Rh1 66. Kd4 Rd1+ 67. Ke5 Ra1 68. Rg7+ Kc6 69. Bd5+ Kxc5 70. Bxa8 Re1+ 71. Be4 1-0